00912nam a2200229 i 4500001000700000003000900007005001700016007000300033008004100036080002100077100003600098245006600134260003000200300003700230490007100267650003100338710005900369830007700428852003200505999001900537952012600556142087ES-MaACL20260227163007.0t|071002s1959 sp ||||1| spa d a55(467.33 Alcoy)1 aVisedo Moltó, Camilo.911548410aAlcoy b: geología : prehistoria / cCamilo Visedo Moltó. aAlcoy : b[s.n.], c1959. a80 p. ; c22 cm + e1 map. pleg.1 aPublicaciones del Instituto Alcoyano de Cultura "Andrés Sempere"14aGeología-zAlcoy.9130872 aInstituto Alcoyano de Cultura "Andrés Sempere"947900 aPublicaciones del Instituto Alcoyano de Cultura Andrés Sempere9236300 aES-MaACLjC-16959 bR.44548 c142087d142087 00104070aATENEOMbATENEOMcGaleríad2008-01-17eSCl0oC-16959p1147841r2023-02-23 00:00:00w2023-02-23yMONOGRAFIA